000
00358nam a2200133Ia 4500
008
230411s9999 xx 000 0 und d
041
_a
eng
082
_a
F/610.7343/CLE/B07339
100
_a
Clement I
_9
119826
245
_a
Basic Concepts of Nursing Procedures
260
_b
Jaypee Brothers
_a
New Delhi
_c
2009
300
_a
624p
999
_c
157471
_d
157471